The drums of Kumasi : the story of the Ashanti wars. (Record no. 33030)
[ view plain ]
| 000 -LEADER | |
|---|---|
| fixed length control field | 00807nam a22002651a 4500 |
| 001 - CONTROL NUMBER | |
| control field | 10333280 |
| 005 - DATE AND TIME OF LATEST TRANSACTION | |
| control field | 20110718131348.0 |
| 008 - FIXED-LENGTH DATA ELEMENTS--GENERAL INFORMATION | |
| fixed length control field | 790511s1964 xxk 000 0 eng |
| 010 ## - LIBRARY OF CONGRESS CONTROL NUMBER | |
| LC control number | 65006132 |
| 015 ## - NATIONAL BIBLIOGRAPHY NUMBER | |
| National bibliography number | GB64-10776 |
| 035 ## - SYSTEM CONTROL NUMBER | |
| -- | (DLC) 65006132 |
| 035 ## - SYSTEM CONTROL NUMBER | |
| System control number | (OCoLC)4952246 |
| 040 ## - CATALOGING SOURCE | |
| Original cataloging agency | DLC |
| Transcribing agency | PEdiS |
| Modifying agency | Uk |
| -- | DLC |
| 050 00 - LIBRARY OF CONGRESS CALL NUMBER | |
| Classification number | DT507 |
| Item number | .L56 |
| 100 1# - MAIN ENTRY--PERSONAL NAME | |
| Personal name | Lloyd, Alan, |
| Dates associated with a name | 1927- |
| 245 14 - TITLE STATEMENT | |
| Title | The drums of Kumasi : the story of the Ashanti wars. |
| Medium | [Text] |
| 260 ## - PUBLICATION, DISTRIBUTION, ETC. (IMPRINT) | |
| Place of publication, distribution, etc | London |
| Name of publisher, distributor, etc | Longmans |
| Date of publication, distribution, etc | [1964] |
| 300 ## - PHYSICAL DESCRIPTION | |
| Extent | 208 p. : ill. ; maps. 23 cm. |
| 504 ## - BIBLIOGRAPHY, ETC. NOTE | |
| Bibliography, etc | Bibliography : p. 202-203. |
| 650 #0 - SUBJECT ADDED ENTRY--TOPICAL TERM | |
| Topical term or geographic name as entry element | Ashanti War, 1822-1831. |
| 650 #0 - SUBJECT ADDED ENTRY--TOPICAL TERM | |
| Topical term or geographic name as entry element | Ashanti War, 1873-1874. |
| 906 ## - LOCAL DATA ELEMENT F, LDF (RLIN) | |
| a | 7 |
| b | cbc |
| c | oclcrpl |
| d | u |
| e | ncip |
| f | 19 |
| g | y-gencatlg |
| 985 ## - | |
| -- | OCLC REPLACEMENT |
| 991 ## - | |
| -- | c-GenColl |
| -- | DT507 |
| -- | .L56 |
| -- | Copy 1 |
| -- | OCLCREP |
| Withdrawn status | Lost status | Source of classification or shelving scheme | Damaged status | Not for loan | Collection code | Home library | Current library | Shelving location | Date acquired | Source of acquisition | Cost, normal purchase price | Full call number | Barcode | Date last seen | Copy number | Price effective from | Koha item type |
|---|---|---|---|---|---|---|---|---|---|---|---|---|---|---|---|---|---|
| Library of Congress Classification | General Circulation | AIU/NEGST - Tony Wilmot Memorial Library | AIU/NEGST - Tony Wilmot Memorial Library | General Stacks | 01/07/2010 | Donation | 15.00 | DT 507.L56 1964 | R52102A3232 | 09/02/2019 | 1 | 01/07/2010 | Africana collection (General) |
